| 000 | 00577nam a2200193 a 4500 | ||
|---|---|---|---|
| 001 | 3259 | ||
| 003 | CDMR | ||
| 005 | 20130116135242.0 | ||
| 008 | 130130s1982||||||||||||||||||||||||||||d | ||
| 040 |
_aCDMR _bcat _cCDMR |
||
| 100 | 1 |
_aSentís, Carles _9107 |
|
| 245 | 1 | 0 |
_aProtagonistas que conocí _cCarlos Sentís |
| 260 |
_aFigueres _c1982 _bDASA |
||
| 300 |
_a326 p ; _c21 cm |
||
| 500 | _aEditat abans en edició de bibliofil amb el títol "Cent artícles en busca d'autor" | ||
| 650 | 0 | 4 |
_aPeriodistes catalans _94 |
| 700 | 1 |
_aIbáñez Escofet, Manuel _epr. _91203 |
|
| 942 | _cMON | ||
| 999 |
_c3259 _d3259 |
||